[Event "Schachfestival Basel 2014"]
[Site "Basel"]
[Date "2014.01.01"]
[Round "1.29"]
[White "Faraone, Ettore"]
[Black "Maier, Christian"]
[Result "1/2-1/2"]
[WhiteElo "2074"]
[BlackElo "2366"]
[PlyCount "134"]
[EventDate "2014.??.??"]
[EventRounds "7"]
[EventCountry "SUI"]
[SourceDate "2014.01.01"]

1. e4 e5 2. Nf3 Nc6 3. d4 exd4 4. Nxd4 Nf6 5. Nxc6 bxc6 6. Bd3 d5 7. exd5 cxd5
8. Bb5+ Bd7 9. Bxd7+ Qxd7 10. O-O Be7 11. Bg5 O-O 12. Qf3 h6 13. Bxf6 Bxf6 14.
Nc3 c6 15. Rae1 Rfe8 16. b3 Qd6 17. Qd3 Qb4 18. Rxe8+ Rxe8 19. Nb1 Bd8 20. g3
Bb6 21. Kg2 Re6 22. c3 Qe7 23. b4 d4 24. a3 c5 25. bxc5 Qxc5 26. cxd4 Qd5+ 27.
Qf3 Qxd4 28. Qc3 Qd5+ 29. Qf3 Qa2 30. Kh3 Rf6 31. Qa8+ Kh7 32. Qe4+ g6 33. Nc3
Qxa3 34. Nd5 Re6 35. Qf4 Kg7 36. Nxb6 Qd3 37. Qc4 Qf5+ 38. Qg4 Qxg4+ 39. Kxg4
axb6 40. f4 b5 41. Rb1 Rb6 42. Rb4 Kf6 43. Kf3 Ke6 44. Ke4 Kd6 45. Kd4 Rb7 46.
g4 Kc6 47. h4 Rd7+ 48. Ke5 Kc5 49. Rb1 b4 50. Kf6 Kc4 51. Kg7 b3 52. Kxh6 Kc3
53. h5 Kc2 54. Rxb3 Kxb3 55. hxg6 fxg6 56. Kxg6 Kc4 57. Kf6 Rd6+ 58. Ke5 Rd5+
59. Ke6 Rd4 60. g5 Rxf4 61. g6 Rg4 62. Kf7 Rf4+ 63. Ke6 Re4+ 64. Kf7 Kd5 65. g7
Rf4+ 66. Ke8 Rg4 67. Kf7 Rxg7+ 1/2-1/2

[Event "Schachfestival Basel 2014"]
[Site "Basel"]
[Date "2014.01.01"]
[Round "1.30"]
[White "Zude, Erik"]
[Black "Kaspereit, Holger"]
[Result "1-0"]
[WhiteElo "2363"]
[BlackElo "2070"]
[PlyCount "29"]
[EventDate "2014.??.??"]
[EventRounds "7"]
[EventCountry "SUI"]
[SourceDate "2014.01.01"]

1. d4 d5 2. c4 Nc6 3. Nc3 dxc4 4. Nf3 Bg4 5. d5 Bxf3 6. exf3 Ne5 7. Bf4 Ng6 8.
Bxc4 Nf6 9. Bg3 h5 10. h4 c6 11. dxc6 bxc6 12. Qa4 Qb6 13. Nd5 Nxd5 14. Bxd5
O-O-O 15. Rc1 1-0

[Event "Schachfestival Basel 2014"]
[Site "Basel"]
[Date "2014.01.01"]
[Round "1.31"]
[White "Ernst, Rolf"]
[Black "Lerch, Patrice"]
[Result "0-1"]
[WhiteElo "2068"]
[BlackElo "2363"]
[PlyCount "120"]
[EventDate "2014.??.??"]
[EventRounds "7"]
[EventCountry "SUI"]
[SourceDate "2014.01.01"]

1. d4 Nf6 2. c4 e6 3. Nc3 Bb4 4. Qc2 c5 5. dxc5 O-O 6. Nf3 Na6 7. Bd2 Nxc5 8.
a3 Bxc3 9. Bxc3 a5 10. e3 d6 11. Rd1 Nfe4 12. Be2 a4 13. O-O Qe7 14. Bb4 e5 15.
Nd2 Nf6 16. Bxc5 dxc5 17. Bf3 Ra6 18. Rfe1 Qe8 19. Ne4 Nxe4 20. Bxe4 f5 21.
Bd5+ Kh8 22. f4 Rb6 23. Re2 e4 24. Rdd2 Rb3 25. Qd1 Qg6 26. Qf1 Qf6 27. Qf2 h6
28. h3 Rd8 29. Kh2 Rd6 30. Kg1 Qd8 31. Kf1 b5 32. Kg1 b4 33. axb4 Rxb4 34. Rc2
Qf6 35. Red2 Kh7 36. Qe2 Qe7 37. Rc3 Rdb6 38. Rcc2 Rb3 39. Kh2 Qh4 40. Rc3 Rxc3
41. bxc3 Qf6 42. Qd1 Qxc3 43. Re2 Qd3 44. Qxa4 Be6 45. Bxe6 Rxe6 46. Qc2 Rd6
47. Kg3 Rg6+ 48. Kf2 Qd8 49. Qc3 Qh4+ 50. Kf1 Rb6 51. Rc2 Qg3 52. Qe1 Qh2 53.
Kf2 Rb3 54. Qd1 Rb6 55. Qd5 Rg6 56. Ke1 Qg1+ 57. Kd2 Rxg2+ 58. Kc3 Qa1+ 59. Kb3
Qb1+ 60. Ka3 Qb4+ 0-1

[Event "Schachfestival Basel 2014"]
[Site "Basel"]
[Date "2014.01.01"]
[Round "1.32"]
[White "Toth, Bela"]
[Black "Schmitz, Andreas Arnold"]
[Result "1-0"]
[WhiteElo "2358"]
[BlackElo "2067"]
[PlyCount "65"]
[EventDate "2014.??.??"]
[EventRounds "7"]
[EventCountry "SUI"]
[SourceDate "2014.01.01"]

1. d4 d5 2. c4 dxc4 3. Nf3 Nf6 4. Nc3 a6 5. e4 b5 6. e5 Nd5 7. a4 Nxc3 8. bxc3
Qd5 9. g3 Bb7 10. Bg2 Qd7 11. Ba3 Bd5 12. O-O c6 13. Re1 e6 14. Bxf8 Kxf8 15.
Ng5 Bxg2 16. Kxg2 Qd5+ 17. Kg1 f6 18. Nh3 f5 19. Nf4 Qd7 20. Qf3 g5 21. Nh5 Ra7
22. Nf6 Qf7 23. axb5 cxb5 24. d5 Nd7 25. dxe6 Qxe6 26. Qe3 Rc7 27. Rad1 Nxf6
28. Rd6 Ng4 29. Qxg5 Nxe5 30. Qd8+ Qe8 31. Qf6+ Nf7 32. Rxe8+ Kxe8 33. Rxa6 1-0

[Event "Schachfestival Basel 2014"]
[Site "Basel"]
[Date "2014.01.01"]
[Round "1.33"]
[White "Haenggi, Markus"]
[Black "Reinhart, Emmanuel"]
[Result "0-1"]
[WhiteElo "2062"]
[BlackElo "2343"]
[PlyCount "98"]
[EventDate "2014.??.??"]
[EventRounds "7"]
[EventCountry "SUI"]
[SourceDate "2014.01.01"]

1. e4 c6 2. d4 d5 3. f3 e6 4. Nc3 Bb4 5. Bd2 Bxc3 6. Bxc3 dxe4 7. d5 exf3 8.
Qxf3 Nf6 9. dxc6 Nxc6 10. Bb5 Qd5 11. Qe2 O-O 12. Rd1 Qe4 13. Bxf6 Qxe2+ 14.
Nxe2 gxf6 15. O-O f5 16. Nf4 Ne7 17. Rf3 e5 18. Nd5 Nxd5 19. Rxd5 e4 20. Rf1
Be6 21. Rd4 Rfd8 22. Rfd1 Rxd4 23. Rxd4 Rc8 24. c3 Kg7 25. a3 Kf6 26. Kf2 Ke5
27. g3 f4 28. gxf4+ Kxf4 29. Bd7 Rd8 30. Ba4 Rxd4 31. cxd4 e3+ 32. Ke1 Ke4 33.
Bc2+ Kxd4 34. Bxh7 Bh3 35. Bg8 f5 36. Be6 Ke5 37. Bc8 Bg2 38. h4 Bf3 39. b4 f4
40. a4 Kd4 41. h5 Bxh5 42. Bxb7 Kc3 43. a5 Kxb4 44. a6 Kc3 45. Be4 f3 46. Bc6
Bg4 47. Bd5 f2+ 48. Kf1 Kd2 49. Bc4 Bh3# 0-1

[Event "Schachfestival Basel 2014"]
[Site "Basel"]
[Date "2014.01.01"]
[Round "1.34"]
[White "Bogdanovich, Grigory"]
[Black "Jud, Marc"]
[Result "1-0"]
[WhiteElo "2341"]
[BlackElo "2036"]
[PlyCount "63"]
[EventDate "2014.??.??"]
[EventRounds "7"]
[EventCountry "SUI"]
[SourceDate "2014.01.01"]

1. d4 Nf6 2. Nf3 g6 3. c4 Bg7 4. Nc3 d5 5. Bg5 c6 6. e3 O-O 7. Qb3 e6 8. Be2 h6
9. Bh4 g5 10. Bg3 Nh5 11. Be5 Nf6 12. h4 g4 13. Nd2 h5 14. f3 Nbd7 15. Bf4 Re8
16. e4 dxe4 17. fxg4 e5 18. Bg5 exd4 19. Ncxe4 Qc7 20. O-O Nxe4 21. Nxe4 Rxe4
22. Rxf7 Kxf7 23. c5+ Re6 24. Rf1+ Nf6 25. Bc4 hxg4 26. Qd3 Kg8 27. Bxf6 Kh8
28. Qg6 Bxf6 29. Rxf6 Qg7 30. Qh5+ Kg8 31. Qe8+ Kh7 32. Bd3+ 1-0

[Event "Schachfestival Basel 2014"]
[Site "Basel"]
[Date "2014.01.01"]
[Round "1.35"]
[White "Bender, Dirk"]
[Black "Vulevic, Vjekoslav"]
[Result "0-1"]
[WhiteElo "2058"]
[BlackElo "2341"]
[PlyCount "76"]
[EventDate "2014.??.??"]
[EventRounds "7"]
[EventCountry "SUI"]
[SourceDate "2014.01.01"]

1. c4 Nf6 2. g3 g6 3. Bg2 Bg7 4. e3 O-O 5. Nc3 c6 6. Nge2 d5 7. cxd5 cxd5 8.
O-O Nc6 9. d4 e6 10. Nf4 b6 11. Re1 Bb7 12. b3 a6 13. Nd3 Rc8 14. Ba3 Re8 15.
Rc1 h5 16. Qe2 h4 17. Rc2 hxg3 18. hxg3 Bf8 19. Bxf8 Kxf8 20. Rec1 Qd6 21. Na4
Nd7 22. f4 f6 23. Rf1 Kg7 24. Qg4 Ne7 25. Rxc8 Rxc8 26. Ne5 fxe5 27. fxe5 Qc6
28. Bh3 Nf5 29. Qg5 Rf8 30. Bg4 Rf7 31. Bh5 Ne7 32. Bf3 Nf8 33. Nb2 Nh7 34. Qh4
Nf5 35. Qh3 Nxe3 36. Rf2 Ng5 37. Qh4 Rxf3 38. Qxg5 Qc1+ 0-1

[Event "Schachfestival Basel 2014"]
[Site "Basel"]
[Date "2014.01.01"]
[Round "1.36"]
[White "Ben Arzi, Ido"]
[Black "Ditzler, Juerg"]
[Result "1-0"]
[WhiteElo "2341"]
[BlackElo "2053"]
[PlyCount "83"]
[EventDate "2014.??.??"]
[EventRounds "7"]
[EventCountry "SUI"]
[SourceDate "2014.01.01"]

1. d4 g6 2. c4 Bg7 3. e4 d6 4. Nc3 f5 5. exf5 Bxf5 6. Nf3 Nc6 7. d5 Ne5 8. Nd4
Nd3+ 9. Bxd3 Bxd4 10. Bxf5 Bxc3+ 11. bxc3 gxf5 12. Qh5+ Kf8 13. Qxf5+ Nf6 14.
Bh6+ Kf7 15. Qe6+ Kg6 16. Qe3 Rg8 17. O-O Qd7 18. Rae1 Rae8 19. f3 Kf7 20. Bg5
Rg6 21. h4 e5 22. dxe6+ Rxe6 23. Qxa7 h6 24. Bxf6 Rexf6 25. Qxb7 Rf5 26. Re2
Rc5 27. Rfe1 h5 28. Qa8 Re5 29. Qh8 Rg8 30. Qh6 Rg6 31. Qf4+ Rf6 32. Qd2 Rc5
33. Re5 Rxe5 34. Rxe5 Qc6 35. Rxh5 Qxc4 36. Qd5+ Qxd5 37. Rxd5 Rf4 38. Rd4 Rf5
39. Rc4 c5 40. a4 Ke6 41. a5 Kd7 42. Ra4 1-0

[Event "Schachfestival Basel 2014"]
[Site "Basel"]
[Date "2014.01.01"]
[Round "1.37"]
[White "Paul, Mathias"]
[Black "Faibisovich, Vadim Z"]
[Result "0-1"]
[WhiteElo "2053"]
[BlackElo "2337"]
[PlyCount "48"]
[EventDate "2014.??.??"]
[EventRounds "7"]
[EventCountry "SUI"]
[SourceDate "2014.01.01"]

1. e4 c5 2. Nc3 Nc6 3. g3 g6 4. Bg2 Bg7 5. d3 d6 6. Be3 Nf6 7. h3 O-O 8. Nge2
e5 9. O-O Be6 10. f4 Qd7 11. Kh2 Nd4 12. Qd2 Rac8 13. Rf2 Ne8 14. Raf1 f5 15.
Nc1 Nf6 16. Nd1 exf4 17. Bxf4 fxe4 18. dxe4 d5 19. c3 Nxe4 20. Bxe4 dxe4 21.
cxd4 cxd4 22. Qb4 Bxh3 23. Re1 e3 24. Rc2 Rxc2+ 0-1

[Event "Schachfestival Basel 2014"]
[Site "Basel"]
[Date "2014.01.01"]
[Round "1.38"]
[White "Bartel, Marta"]
[Black "Prill, Gerhard"]
[Result "1-0"]
[WhiteElo "2306"]
[BlackElo "2047"]
[PlyCount "97"]
[EventDate "2014.??.??"]
[EventRounds "7"]
[EventCountry "SUI"]
[SourceDate "2014.01.01"]

1. d4 Nf6 2. Nf3 e6 3. g3 b6 4. Bg2 Bb7 5. O-O Be7 6. c4 d6 7. Nc3 O-O 8. Qc2
c5 9. d5 exd5 10. Ng5 g6 11. cxd5 Na6 12. f4 Nc7 13. e4 b5 14. a4 b4 15. Nd1
Rc8 16. Ne3 Ba6 17. Nc4 b3 18. Qxb3 h6 19. Nh3 Rb8 20. Qc2 Rb4 21. b3 Qb8 22.
Rf3 Bxc4 23. bxc4 Nd7 24. Ba3 Rb7 25. Rff1 Na6 26. Rab1 Nb4 27. Qb3 a5 28. Nf2
Rb6 29. Qd1 Bf6 30. Bh3 Qc7 31. Bxd7 Qxd7 32. e5 dxe5 33. Ne4 exf4 34. Nxf6+
Rxf6 35. Bb2 Rf5 36. g4 Rg5 37. Rxf4 h5 38. h3 hxg4 39. hxg4 f5 40. Kg2 Rxg4+
41. Rxg4 fxg4 42. Qh1 Rf2+ 43. Kxf2 Qf5+ 44. Kg3 Qd3+ 45. Kh4 Nc2 46. d6 g5+
47. Kh5 Qxc4 48. Qa8+ Kf7 49. d7 1-0

[Event "Schachfestival Basel 2014"]
[Site "Basel"]
[Date "2014.01.01"]
[Round "1.39"]
[White "Rahnfeld, Jens"]
[Black "Kern, Johannes"]
[Result "1/2-1/2"]
[WhiteElo "2047"]
[BlackElo "2280"]
[PlyCount "92"]
[EventDate "2014.??.??"]
[EventRounds "7"]
[EventCountry "SUI"]
[SourceDate "2014.01.01"]

1. e4 e6 2. d4 d5 3. Nc3 Bb4 4. e5 b6 5. f4 Nh6 6. Be3 O-O 7. Nf3 f6 8. Qd2 Be7
9. Bd3 Ng4 10. Ne2 c5 11. c3 Ba6 12. Bc2 Nc6 13. O-O Rc8 14. Rac1 cxd4 15. Bxd4
Qc7 16. h3 fxe5 17. hxg4 exd4 18. Nfxd4 Bc5 19. Bd3 Bxd3 20. Qxd3 e5 21. fxe5
Nxe5 22. Qg3 Ng6 23. Rxf8+ Nxf8 24. Qf3 Qd7 25. Rd1 Ng6 26. Qf5 Rd8 27. b4
Bxd4+ 28. Nxd4 Qd6 29. Nf3 Ne7 30. Qg5 Nc6 31. Nd4 h6 32. Qf5 Rf8 33. Qe6+ Qxe6
34. Nxe6 Rf6 35. Nc7 d4 36. b5 dxc3 37. Nd5 Rd6 38. bxc6 c2 39. Rc1 Rxd5 40.
Rxc2 Rd8 41. Kf2 Kf7 42. Ke3 Ke6 43. Ke4 Rc8 44. c7 b5 45. Rc5 Kd6 46. Rxb5
Rxc7 1/2-1/2

[Event "Schachfestival Basel 2014"]
[Site "Basel"]
[Date "2014.01.01"]
[Round "1.40"]
[White "Maisuradze, Nino"]
[Black "Deubelbeiss, Rene"]
[Result "1-0"]
[WhiteElo "2279"]
[BlackElo "2046"]
[PlyCount "61"]
[EventDate "2014.??.??"]
[EventRounds "7"]
[EventCountry "SUI"]
[SourceDate "2014.01.01"]

1. d4 d6 2. c4 e5 3. Nc3 exd4 4. Qxd4 Nf6 5. b3 Nc6 6. Qd2 g6 7. Bb2 Bg7 8. g3
O-O 9. Nh3 Re8 10. Nf4 Rb8 11. Bg2 Ne5 12. O-O a6 13. Rad1 Bd7 14. Nfd5 Nxd5
15. Nxd5 Bc6 16. Qc3 f6 17. c5 Kh8 18. cxd6 cxd6 19. Qb4 Rc8 20. Rd2 a5 21. Qf4
b5 22. Rfd1 Re6 23. Qd4 Qf8 24. Nf4 Ree8 25. Qxd6 Qxd6 26. Rxd6 Bxg2 27. Kxg2
Rc2 28. Rd8 Rc8 29. Rxe8+ Rxe8 30. Rd5 Rb8 31. Ne6 1-0

[Event "Schachfestival Basel 2014"]
[Site "Basel"]
[Date "2014.01.01"]
[Round "1.41"]
[White "Goettelmann, Guillaume"]
[Black "Maeurer, Christoph"]
[Result "1/2-1/2"]
[WhiteElo "2045"]
[BlackElo "2277"]
[PlyCount "66"]
[EventDate "2014.??.??"]
[EventRounds "7"]
[EventCountry "SUI"]
[SourceDate "2014.01.01"]

1. d4 e6 2. c4 Nf6 3. Nf3 Bb4+ 4. Bd2 c5 5. g3 Bxd2+ 6. Qxd2 cxd4 7. Qxd4 Nc6
8. Qd3 Qb6 9. Nc3 Qxb2 10. Rb1 Qa3 11. Bg2 O-O 12. O-O Qe7 13. Rfd1 Rd8 14. e4
d6 15. Nb5 Ne8 16. Qa3 e5 17. Nc3 Nf6 18. Rd2 Bg4 19. Nd5 Nxd5 20. cxd5 Bxf3
21. dxc6 Bxg2 22. Rxb7 Qg5 23. c7 Qxd2 24. cxd8=Q+ Rxd8 25. Kxg2 Qd4 26. f3
Qd2+ 27. Kh3 Qh6+ 28. Kg2 Qd2+ 29. Kh3 Rc8 30. Qb3 Qh6+ 31. Kg2 Qd2+ 32. Kh3
Qh6+ 33. Kg2 Qd2+ 1/2-1/2

[Event "Schachfestival Basel 2014"]
[Site "Basel"]
[Date "2014.01.01"]
[Round "1.42"]
[White "Viaggi, Stefano"]
[Black "Meier, Volker"]
[Result "1/2-1/2"]
[WhiteElo "2033"]
[BlackElo "2264"]
[PlyCount "120"]
[EventDate "2014.??.??"]
[EventRounds "7"]
[EventCountry "SUI"]
[SourceDate "2014.01.01"]

1. d4 Nf6 2. Nf3 g6 3. Bf4 Bg7 4. e3 O-O 5. Be2 d6 6. h3 b6 7. O-O Bb7 8. c4
Nbd7 9. Nc3 Ne4 10. Nxe4 Bxe4 11. Nd2 Bb7 12. Bf3 c6 13. Ne4 h6 14. Bh2 f5 15.
Nc3 Qc7 16. Rc1 e5 17. b4 Rad8 18. Qb3 Kh7 19. Rfd1 Qc8 20. a4 Rfe8 21. a5 exd4
22. exd4 Nf6 23. axb6 axb6 24. Na4 Ne4 25. Nxb6 Qe6 26. Qc2 Ng5 27. Bxc6 Bxc6
28. d5 Bxd5 29. Nxd5 Rc8 30. Bf4 Nf7 31. b5 Ne5 32. Qb3 g5 33. Be3 f4 34. Bd4
Rf8 35. f3 Rf7 36. Bf2 h5 37. Qc2+ Kh8 38. Qe4 g4 39. hxg4 hxg4 40. Bd4 gxf3
41. Bxe5 Bxe5 42. Qxf3 Rg8 43. Kf2 Rg3 44. Rh1+ Kg8 45. Qe4 Qg4 46. b6 Rb3 47.
Rh6 Rb2+ 48. Kf1 Kf8 49. c5 Qg3 50. Qf3 dxc5 51. Rh3 Qxf3+ 52. Rxf3 Rh7 53. Rh3
Rxh3 54. gxh3 Bd4 55. Re1 f3 56. b7 Rxb7 57. Nf4 Kf7 58. Ne6 Re7 59. Ng5+ Kf6
60. Rxe7 Kxe7 1/2-1/2

[Event "Schachfestival Basel 2014"]
[Site "Basel"]
[Date "2014.01.01"]
[Round "1.43"]
[White "Yankelevich, Lev"]
[Black "Wimmer, Olivier"]
[Result "1-0"]
[WhiteElo "2250"]
[BlackElo "2023"]
[PlyCount "73"]
[EventDate "2014.??.??"]
[EventRounds "7"]
[EventCountry "SUI"]
[SourceDate "2014.01.01"]

1. e4 d6 2. d4 Nf6 3. Bd3 Nbd7 4. c3 e5 5. Nf3 Be7 6. O-O O-O 7. Re1 c6 8. Nbd2
Re8 9. Nf1 Qc7 10. Ng3 g6 11. h3 Nf8 12. b3 Ne6 13. Bb2 Nf4 14. Bf1 N6h5 15.
Nxh5 Nxh5 16. c4 f6 17. c5 exd4 18. Bc4+ Kg7 19. cxd6 Bxd6 20. Qxd4 Be5 21.
Nxe5 fxe5 22. Qe3 Nf6 23. f4 exf4 24. Qc3 Qe7 25. e5 Nd5 26. Bxd5 cxd5 27. e6+
Kh6 28. Re5 Bxe6 29. Qd4 Qf7 30. Rf1 Rf8 31. Bc1 g5 32. h4 Bf5 33. hxg5+ Kg6
34. Rxf4 Qc7 35. Be3 Qa5 36. Rxd5 Qe1+ 37. Rf1 1-0

[Event "Schachfestival Basel 2014"]
[Site "Basel"]
[Date "2014.01.01"]
[Round "1.44"]
[White "Perman, Torvald"]
[Black "Stankovic, Zeljko"]
[Result "1/2-1/2"]
[WhiteElo "2015"]
[BlackElo "2239"]
[PlyCount "72"]
[EventDate "2014.??.??"]
[EventRounds "7"]
[EventCountry "SUI"]
[SourceDate "2014.01.01"]

1. c4 c5 2. Nc3 Nc6 3. g3 g6 4. Bg2 Bg7 5. e3 Bxc3 6. dxc3 d6 7. e4 Qd7 8. Nf3
Nf6 9. Qe2 Qg4 10. Nd2 h5 11. f4 Qxe2+ 12. Kxe2 h4 13. Nf1 Bg4+ 14. Kf2 Be6 15.
Ne3 hxg3+ 16. hxg3 Rxh1 17. Bxh1 Ng4+ 18. Nxg4 Bxg4 19. Be3 e5 20. Bf3 Bxf3 21.
Kxf3 Ke7 22. Rh1 exf4 23. gxf4 g5 24. e5 Rg8 25. exd6+ Kxd6 26. Rh6+ Rg6 27.
fxg5 Ne5+ 28. Ke4 Nxc4 29. Bf4+ Ke6 30. b3 Nb2 31. c4 Nd1 32. Bd2 Nf2+ 33. Kf3
Nd3 34. Ke4 Nf2+ 35. Kf3 Nd3 36. Ke4 Nf2+ 1/2-1/2

[Event "Schachfestival Basel 2014"]
[Site "Basel"]
[Date "2014.01.01"]
[Round "1.45"]
[White "Hess, Max"]
[Black "Viennot, Dylan"]
[Result "1/2-1/2"]
[WhiteElo "2005"]
[BlackElo "2237"]
[PlyCount "108"]
[EventDate "2014.??.??"]
[EventRounds "7"]
[EventCountry "SUI"]
[SourceDate "2014.01.01"]

1. e4 e6 2. d4 d5 3. Nc3 Nf6 4. Bg5 Be7 5. e5 Nfd7 6. h4 h6 7. Be3 c5 8. Qg4 g6
9. Nf3 Nc6 10. dxc5 a6 11. O-O-O Bxc5 12. Bxc5 Nxc5 13. Qf4 b5 14. Qe3 Qe7 15.
Be2 Qa7 16. Nd4 Ne7 17. g4 b4 18. Nb1 Bd7 19. h5 Rc8 20. hxg6 Nxg6 21. f4 Qc7
22. Nd2 a5 23. Rh5 a4 24. f5 Ne7 25. Rxh6 Rxh6 26. Qxh6 Qxe5 27. N2f3 Ng8 28.
Qg5 Qh8 29. fxe6 fxe6 30. Nb5 Ne4 31. Qg6+ Ke7 32. Ng5 Nxg5 33. Qxg5+ Qf6 34.
Qd2 Qh6 35. g5 Qh4 36. Nd4 Rb8 37. Qe3 Rf8 38. Kb1 Qf4 39. Qg1 a3 40. Rf1 Qe5
41. Rxf8 Kxf8 42. bxa3 bxa3 43. Bh5 Kg7 44. c3 Qe4+ 45. Nc2 e5 46. Qe1 Qxe1+
47. Nxe1 Bf5+ 48. Nc2 Ne7 49. Kc1 Bxc2 50. Kxc2 Nf5 51. Kb3 Ng3 52. Bd1 Ne4 53.
Kxa3 Nxc3 54. Bh5 e4 1/2-1/2

[Event "Schachfestival Basel 2014"]
[Site "Basel"]
[Date "2014.01.01"]
[Round "1.46"]
[White "Hess, Christian"]
[Black "Kamber, Adrian"]
[Result "1-0"]
[WhiteElo "2233"]
[BlackElo "1997"]
[PlyCount "69"]
[EventDate "2014.??.??"]
[EventRounds "7"]
[EventCountry "SUI"]
[SourceDate "2014.01.01"]

1. Nf3 d5 2. c4 e6 3. g3 c5 4. cxd5 exd5 5. d4 Nc6 6. Bg2 Nf6 7. O-O Be7 8. Nc3
O-O 9. Bf4 a6 10. dxc5 Bxc5 11. Rc1 d4 12. Na4 Ba7 13. Ne5 Nd5 14. Nxc6 bxc6
15. Be5 Ne7 16. Nc5 Bg4 17. Re1 Rc8 18. Qa4 Re8 19. Bxd4 Nf5 20. e3 Nxd4 21.
Qxd4 Qg5 22. h3 Bh5 23. g4 Bg6 24. b4 h5 25. Qf4 Qd8 26. Red1 Qb6 27. Nd7 Qb5
28. g5 Re7 29. h4 Bf5 30. Nc5 Bg4 31. Rd2 Bb8 32. Qc4 Be6 33. Nxe6 Rxe6 34.
Qxb5 axb5 35. Bh3 1-0

[Event "Schachfestival Basel 2014"]
[Site "Basel"]
[Date "2014.01.01"]
[Round "1.47"]
[White "Pfau, Michael"]
[Black "Xheladini, Mahmut"]
[Result "0-1"]
[WhiteElo "1984"]
[BlackElo "2232"]
[PlyCount "163"]
[EventDate "2014.??.??"]
[EventRounds "7"]
[EventCountry "SUI"]
[SourceDate "2014.01.01"]

1. e4 c6 2. Nf3 d6 3. h3 e5 4. Bd3 Be6 5. c3 Nd7 6. Bc2 h6 7. O-O Qc7 8. d4
Ndf6 9. Qe2 g5 10. Nfd2 Ne7 11. Bb3 Ng6 12. Bxe6 fxe6 13. g3 exd4 14. cxd4 e5
15. Nb3 Qd7 16. Kh2 Qf7 17. Nc3 Be7 18. Be3 a5 19. dxe5 dxe5 20. Bc5 a4 21.
Bxe7 Qxe7 22. Nd2 O-O 23. a3 b5 24. Rac1 Qe6 25. Nd1 Nd7 26. Ne3 Ne7 27. Qh5
Kh7 28. Qg4 Qd6 29. Qe2 Rf7 30. Rcd1 Raf8 31. Kg2 Qg6 32. f3 Nc5 33. Ng4 Qg7
34. Qe3 Ne6 35. Qc3 Nd4 36. Rf2 h5 37. Nh2 Ng6 38. Ndf1 Qf6 39. Ne3 Qe6 40. Nc2
Nb3 41. Ne3 Ne7 42. g4 Ng6 43. Nf5 Nf4+ 44. Kf1 Nxh3 45. Rd6 Qc4+ 46. Qxc4 bxc4
47. Rh6+ Kg8 48. Rg6+ Kh8 49. Rc2 h4 50. Rxc6 Rd8 51. Rh6+ Rh7 52. Rxh7+ Kxh7
53. Ke1 Ng1 54. Ne3 Rd3 55. Nxc4 Nd4 56. Rc3 Ngxf3+ 57. Nxf3 Rxf3 58. Rxf3
Nxf3+ 59. Kf2 Nd4 60. Nxe5 Nb3 61. Nf3 Kg6 62. Ke3 Kf6 63. Kd3 h3 64. e5+ Kg6
65. Kc3 Kg7 66. Kb4 Nd2 67. Nh2 Kf7 68. Kxa4 Nc4 69. b3 Nxe5 70. Kb5 Ke6 71. a4
Nxg4 72. a5 Nxh2 73. a6 Nf3 74. a7 h2 75. a8=Q h1=Q 76. Qe4+ Kf6 77. b4 Qd1 78.
Ka6 Qa4+ 79. Kb6 Ne5 80. Kc5 Qa7+ 81. Kd6 Qe7+ 82. Kd5 0-1

[Event "Schachfestival Basel 2014"]
[Site "Basel"]
[Date "2014.01.01"]
[Round "1.48"]
[White "Andersen, Alf Roger"]
[Black "Stockert, Laurids"]
[Result "1-0"]
[WhiteElo "2232"]
[BlackElo "1973"]
[PlyCount "63"]
[EventDate "2014.??.??"]
[EventRounds "7"]
[EventCountry "SUI"]
[SourceDate "2014.01.01"]

1. e4 e5 2. Nf3 Nc6 3. d4 exd4 4. Nxd4 Bc5 5. Be3 Qf6 6. Nb5 Bxe3 7. fxe3 Qh4+
8. g3 Qd8 9. Qg4 g5 10. Nd2 d6 11. Qe2 Ne5 12. Bg2 Bg4 13. Qf2 Qd7 14. Nd4
O-O-O 15. Nf5 Ne7 16. O-O Rdf8 17. b4 h5 18. h3 Bxf5 19. exf5 f6 20. b5 d5 21.
a4 Kb8 22. Nb3 Qd6 23. Nd4 c5 24. bxc6 bxc6 25. e4 g4 26. h4 Nf3+ 27. Nxf3 gxf3
28. Qxf3 dxe4 29. Rab1+ Ka8 30. Qxe4 Nd5 31. c4 Ne7 32. Qxe7 1-0

[Event "Schachfestival Basel 2014"]
[Site "Basel"]
[Date "2014.01.01"]
[Round "1.49"]
[White "Cote, Frederic"]
[Black "Zenker, Ulrich"]
[Result "0-1"]
[WhiteElo "1972"]
[BlackElo "2217"]
[PlyCount "64"]
[EventDate "2014.??.??"]
[EventRounds "7"]
[EventCountry "SUI"]
[SourceDate "2014.01.01"]

1. e4 d6 2. f4 Nf6 3. d3 g6 4. c3 Bg7 5. Nf3 c5 6. Na3 Nc6 7. Be2 O-O 8. O-O
Rb8 9. Bd2 b5 10. Qe1 Nd7 11. g4 Nb6 12. h3 b4 13. Nc2 Na4 14. Rb1 bxc3 15.
bxc3 Rxb1 16. Qxb1 Nxc3 17. Bxc3 Bxc3 18. Qb3 Qa5 19. f5 Kg7 20. Kg2 Ne5 21.
Ne3 Nxf3 22. Rxf3 Bd4 23. Nd5 Qd2 24. Qd1 Qg5 25. h4 Qxg4+ 26. Rg3 Qxh4 27. Rh3
Qf2+ 28. Kh1 e6 29. Rh2 Qg1+ 30. Qxg1 Bxg1 31. f6+ Kh8 32. Kxg1 exd5 0-1

[Event "Schachfestival Basel 2014"]
[Site "Basel"]
[Date "2014.01.01"]
[Round "1.50"]
[White "Hagesaether, Ellen"]
[Black "Schroeter, Michael"]
[Result "1-0"]
[WhiteElo "2216"]
[BlackElo "1971"]
[PlyCount "63"]
[EventDate "2014.??.??"]
[EventRounds "7"]
[EventCountry "SUI"]
[SourceDate "2014.01.01"]

1. c4 b6 2. e4 Bb7 3. Nc3 e6 4. Nf3 Bb4 5. Qc2 Ne7 6. a3 Bxc3 7. dxc3 O-O 8.
Bd3 f5 9. Bd2 Qe8 10. O-O-O fxe4 11. Bxe4 Bxe4 12. Qxe4 Nbc6 13. Bf4 e5 14.
Bxe5 d6 15. Bg3 Na5 16. b4 Qa4 17. bxa5 Rae8 18. Rhe1 Qxa3+ 19. Kd2 Kh8 20. Ra1
Qc5 21. Bh4 d5 22. Bxe7 dxe4 23. Bxc5 bxc5 24. Ng1 Rxf2+ 25. Re2 Rf6 26. Rb1
Rd6+ 27. Kc2 Kg8 28. Rb7 Ra6 29. Rb5 Re5 30. Nf3 exf3 31. Rxe5 f2 32. Rf5 1-0

[Event "Schachfestival Basel 2014"]
[Site "Basel"]
[Date "2014.01.01"]
[Round "1.51"]
[White "Chauveau, Philippe"]
[Black "Bhend, Edwin"]
[Result "0-1"]
[WhiteElo "1968"]
[BlackElo "2211"]
[PlyCount "103"]
[EventDate "2014.??.??"]
[EventRounds "7"]
[EventCountry "SUI"]
[SourceDate "2014.01.01"]

1. Nf3 Nf6 2. c4 d6 3. d4 Nbd7 4. Nc3 e5 5. e4 Be7 6. Be2 O-O 7. O-O c6 8. Re1
b6 9. Bf1 Bb7 10. h3 Re8 11. Bg5 Qc7 12. a3 a6 13. Rc1 Nf8 14. d5 Qb8 15. dxc6
Bxc6 16. Nd5 Nxd5 17. cxd5 Bd7 18. Bxe7 Rxe7 19. Rc3 Ng6 20. Qc2 h6 21. Rc1 Kh7
22. Rc7 Nf8 23. Ne1 Re8 24. Nd3 a5 25. f4 f6 26. fxe5 fxe5 27. Qf2 Qd8 28. Qxb6
Qf6 29. Qf2 Qg6 30. Qh4 a4 31. Be2 Reb8 32. Rf1 Bb5 33. Rff7 Rc8 34. Rxg7+ Qxg7
35. Rxg7+ Kxg7 36. Qe7+ Kg8 37. Nf4 Rc1+ 38. Kh2 exf4 39. Bxb5 f3 40. gxf3 Ng6
41. Qxd6 Kh7 42. Qd7+ Kh8 43. Qd6 Rg8 44. Qf6+ Kh7 45. h4 Rc2+ 46. Kh3 Rf8 47.
Qd6 Nf4+ 48. Qxf4 Rxf4 49. e5 Rxf3+ 50. Kg4 Rcf2 51. e6 Kg6 52. e7 0-1

[Event "Schachfestival Basel 2014"]
[Site "Basel"]
[Date "2014.01.01"]
[Round "1.52"]
[White "Schaack, Harry"]
[Black "Hartmann, Wolfgang"]
[Result "1-0"]
[WhiteElo "2211"]
[BlackElo "1968"]
[PlyCount "59"]
[EventDate "2014.??.??"]
[EventRounds "7"]
[EventCountry "SUI"]
[SourceDate "2014.01.01"]

1. e4 e5 2. f4 Bc5 3. Nf3 d6 4. Nc3 Nf6 5. Bc4 Nc6 6. d3 a6 7. f5 h6 8. a3 Qe7
9. Qe2 b5 10. Nd5 Nxd5 11. Bxd5 Bb7 12. c3 Nd8 13. Ba2 Bb6 14. g4 c5 15. g5
hxg5 16. Bxg5 Qd7 17. Be3 f6 18. Rg1 d5 19. exd5 Bxd5 20. Bxd5 Qxd5 21. Rxg7
Kf8 22. Rg6 Kf7 23. O-O-O Nc6 24. Qg2 Ne7 25. Rg7+ Kf8 26. Qg4 Rc8 27. h4 Qd7
28. Ng5 Qxf5 29. Ne6+ Ke8 30. Rxe7+ 1-0